[Event "Gallego-ch U14"]
[Site "Viveiro"]
[Date "2017.02.25"]
[Round "2"]
[White "Ferreno Sanmartin, Angel"]
[Black "Fernandez Lopez, Pedro"]
[Result "1-0"]
[WhiteElo "1918"]
[BlackElo "1457"]
[PlyCount "35"]
[EventDate "2017.02.25"]
[EventType "swiss"]
[EventRounds "8"]
[EventCountry "ESP"]
[SourceTitle "EXT 2024"]
[Source "ChessBase"]
[SourceDate "2023.10.10"]
[SourceVersion "1"]
[SourceVersionDate "2023.10.10"]
[SourceQuality "1"]

1. e4 d5 2. exd5 Qxd5 3. Nc3 Qd8 4. Nf3 Bg4 5. Bc4 e6 6. h3 Bh5 7. g4 Bg6 8. h4 h5 9. Ne5 Qf6 10. d4 hxg4 11. Bg5 Qxg5 12. hxg5 Rxh1+ 13. Bf1 Bh5 14. Qd3 c6 15. Qe4 Rg1 16. Qh7 g3 17. Qxh5 g6 18. Qh7 1-0

[Event "ESP-ch U10"]
[Site "Granada"]
[Date "2016.07.02"]
[Round "9"]
[White "Trave de Gonzalo, Guiem"]
[Black "Fernandez Lopez, Pedro"]
[Result "1-0"]
[WhiteElo "1353"]
[BlackElo "1122"]
[PlyCount "80"]
[EventDate "2016.06.27"]
[EventType "swiss"]
[EventRounds "9"]
[EventCountry "ESP"]
[SourceTitle "EXT 2024"]
[Source "ChessBase"]
[SourceDate "2023.10.10"]
[SourceVersion "1"]
[SourceVersionDate "2023.10.10"]
[SourceQuality "1"]

1. e4 d5 2. d4 c6 3. Nc3 e6 4. Nf3 Bb4 5. Bd3 dxe4 6. Bxe4 Nf6 7. Bd3 c5 8. dxc5 Bxc5 9. Bb5+ Bd7 10. Bxd7+ Nbxd7 11. 0-0 0-0 12. Bg5 h6 13. Bf4 Rc8 14. Qe2 Nh5 15. Be3 Bxe3 16. Qxe3 Qb6 17. Qxb6 Nxb6 18. Rfd1 Rcd8 19. Kf1 a6 20. Rd2 Rxd2 21. Nxd2 Rd8 22. Rd1 Nc4 23. Nxc4 Rxd1+ 24. Nxd1 Kf8 25. Ke2 Ke7 26. Kf3 f5 27. Nde3 g5 28. h3 Kf6 29. g4 Ng7 30. Nd6 fxg4+ 31. Nxg4+ Kg6 32. Nxb7 Nf5 33. Ke4 h5 34. Ne5+ Kf6 35. Nc5 a5 36. Nb3 g4 37. hxg4 Nd6+ 38. Kf4 hxg4 39. Nxg4+ Ke7 40. Nxa5 Ke8 1-0

[Event "ESP-ch U10"]
[Site "Granada"]
[Date "2016.07.01"]
[Round "8"]
[White "Fernandez Lopez, Pedro"]
[Black "Gutierrez Guillen, Alfonso"]
[Result "1/2-1/2"]
[WhiteElo "1122"]
[BlackElo "1301"]
[PlyCount "62"]
[EventDate "2016.06.27"]
[EventType "swiss"]
[EventRounds "9"]
[EventCountry "ESP"]
[SourceTitle "EXT 2024"]
[Source "ChessBase"]
[SourceDate "2023.10.10"]
[SourceVersion "1"]
[SourceVersionDate "2023.10.10"]
[SourceQuality "1"]

1. d4 Nf6 2. Bf4 g6 3. e3 Bg7 4. Nf3 d6 5. Be2 0-0 6. h3 Bf5 7. c3 Nbd7 8. 0-0 a5 9. Nbd2 c5 10. Rc1 d5 11. Nb3 c4 12. Na1 b5 13. a3 Re8 14. Ne5 Ne4 15. Nxd7 Qxd7 16. f3 Nf6 17. b3 Nh5 18. Bh2 e5 19. g4 exd4 20. exd4 Bh6 21. f4 Rxe2 22. Qxe2 Bd3 23. Qf3 Bxf1 24. Rxf1 Nf6 25. Re1 Ne4 26. Qe3 Re8 27. Kg2 Kf8 28. g5 Bg7 29. Bg3 Qc8 30. b4 axb4 31. axb4 Nf6 1/2-1/2

[Event "ESP-ch U10"]
[Site "Granada"]
[Date "2016.07.01"]
[Round "7"]
[White "Maldonado Mena, German"]
[Black "Fernandez Lopez, Pedro"]
[Result "0-1"]
[WhiteElo "1336"]
[BlackElo "1122"]
[PlyCount "71"]
[EventDate "2016.06.27"]
[EventType "swiss"]
[EventRounds "9"]
[EventCountry "ESP"]
[SourceTitle "EXT 2024"]
[Source "ChessBase"]
[SourceDate "2023.10.10"]
[SourceVersion "1"]
[SourceVersionDate "2023.10.10"]
[SourceQuality "1"]

1. d4 d5 2. Nf3 Bf5 3. Nbd2 Nf6 4. Ne5 Nbd7 5. f4 h6 6. Ndf3 Ne4 7. e3 e6 8. Nh4 Qxh4+ 9. g3 Nxg3 10. hxg3 Qxh1 11. g4 Qh4+ 12. Kd2 Qf2+ 13. Be2 Nxe5 14. gxf5 Nc4+ 15. Kd3 Bd6 16. b3 Nb6 17. c4 Bb4 18. c5 Nd7 19. a3 Bxc5 20. dxc5 Nxc5+ 21. Kc3 Ne4+ 22. Kd4 c5+ 23. Kd3 exf5 24. b4 0-0 25. bxc5 Nxc5+ 26. Kd4 Ne6+ 27. Kc3 Rac8+ 28. Kb4 Qh4 29. Qxd5 Rfd8 30. Qg2 Qe1+ 31. Ka4 a6 32. Kb3 Qc3+ 33. Ka2 Rd2+ 34. Bxd2 Ra8 35. Bc1 Nxf4 36. exf4 0-1

[Event "ESP-ch U10"]
[Site "Granada"]
[Date "2016.06.27"]
[Round "2"]
[White "Fernandez Lopez, Pedro"]
[Black "Vergara Anton, Diego"]
[Result "0-1"]
[WhiteElo "1122"]
[BlackElo "1420"]
[PlyCount "136"]
[EventDate "2016.06.27"]
[EventType "swiss"]
[EventRounds "9"]
[EventCountry "ESP"]
[SourceTitle "EXT 2024"]
[Source "ChessBase"]
[SourceDate "2023.10.10"]
[SourceVersion "1"]
[SourceVersionDate "2023.10.10"]
[SourceQuality "1"]

1. d4 d5 2. Bf4 e6 3. e3 Nf6 4. c4 Be7 5. Bd3 b6 6. Nf3 Bb7 7. Nbd2 Nbd7 8. Rc1 Rc8 9. 0-0 0-0 10. h3 Ne4 11. Qc2 Ndf6 12. Rfd1 Bd6 13. Be5 h6 14. cxd5 exd5 15. Bxf6 Nxf6 16. Bf5 Rb8 17. Nb3 Ne4 18. Bxe4 dxe4 19. Nfd2 Re8 20. Nc4 Rc8 21. Qe2 Qg5 22. Nxd6 cxd6 23. Rc2 Rxc2 24. Qxc2 Rc8 25. Qe2 Bd5 26. Rc1 Rxc1+ 27. Nxc1 Be6 28. Kf1 Qd5 29. Qc2 Qc4+ 30. Qxc4 Bxc4+ 31. Ke1 f5 32. b3 Ba6 33. Kd2 Bf1 34. g3 Bxh3 35. Ne2 Kf7 36. Nf4 Bf1 37. Kc3 g5 38. Nd5 Ke6 39. Nc7+ Kd7 40. Nd5 Ke6 41. Nc7+ Kf6 42. Nd5+ Kf7 43. Kb4 h5 44. a4 h4 45. gxh4 gxh4 46. Nf4 h3 47. Nxh3 Bxh3 48. Kb5 Bf1+ 49. Kc6 Ke6 50. d5+ Ke5 51. Kb7 b5 52. a5 b4 53. Kxa7 Kxd5 54. Kb6 Be2 55. a6 Bxa6 56. Kxa6 Kc5 57. Ka5 d5 58. Ka4 d4 59. exd4+ Kxd4 60. Kxb4 f4 61. Ka5 e3 62. fxe3+ fxe3 63. b4 e2 64. b5 e1Q+ 65. Ka6 Qa1+ 66. Kb7 Kc5 67. b6 Qb2 68. Ka8 Kxb6 0-1